| 000 | 00565nam a2200181Ia 4500 | ||
|---|---|---|---|
| 005 | 20250714155945.0 | ||
| 008 | 008 250516s9999 xx 000 0 eng d | ||
| 020 | _a9789361319051 | ||
| 040 |
_beng _cSDCL |
||
| 041 |
_aeng _2eng |
||
| 084 | _aR:(P) R5 | ||
| 100 |
_aKeating, Malcolm _9809856 |
||
| 245 | 0 |
_aLanguage, meaning, and use in Indian philosophy : _bAn introduction to Mukula's “fundamentals of the communicative function” |
|
| 260 |
_aNew Delhi: _bBloomsbury, _c2024. |
||
| 300 | _axviii,301p. | ||
| 650 | _aPhilosophy | ||
| 942 |
_cTEXL _2CC |
||
| 999 |
_c1430022 _d1430022 |
||